Toutes les cartes de clash royale (octobre 2025) - Statistiques

Statistiques générales
  • Ce quiz a été pris 787 fois
    521 depuis la dernière actualisation
  • Le résultat moyen est 75 sur 126
Statistiques - réponses
Coût Cartes % Correct
5 Prince
92%
3 Princesse
86%
3 Canon
85%
1 Esprit de feu
85%
1 Esprit de glace
85%
1 Squelettes
85%
8 Golem
82%
5 Géant
80%
3 Chevalier
79%
2 Gobelins
79%
7 Pekka
79%
5 Sorcier
78%
2 La bûche
77%
1 Électro-esprit
76%
4 Boule de feu
75%
7 Mega chevalier
75%
4 Mini pekka
75%
? Miroir
75%
5 Sorcière
75%
9 Trois mousquetaires
74%
4 Mousquetaire
73%
3 Archères
72%
5 Barbares
70%
4 Tesla
70%
3 Armée de squelettes
69%
4 Bébé dragon
69%
7 Électro géant
69%
4 Electro-sorcier
69%
1 Esprit de guérison
69%
3 Fut à gobelins
69%
6 Géant royal
69%
5 Tour de l’enfer
69%
4 Dragon de l’enfer
68%
2 Gobelins à lances
68%
3 Sorcier de glace
68%
4 Chevaucheur de cochon
67%
3 Flèches
67%
6 Foudre
67%
5 Reine des archères
67%
2 Rage
66%
4 Chevalier d’or
65%
2 Électrocution
65%
2 Fut à barbare
65%
2 Golem de glace
65%
4 Prince ténébreux
65%
3 Gargouilles
64%
3 Voleuse
64%
5 Ballon
63%
3 Fut à squelettes
63%
4 Roi squelette
63%
6 Roquette
63%
6 Zappy
63%
2 Bombardier
62%
3 Gang de gobelins
62%
4 Sorcière de la nuit
62%
4 Valkyrie
62%
TroupeDe tour Canonnier
61%
3 Mineur
61%
4 Bûcheron
60%
5 Cochons royaux
60%
7 Molosse de lave
60%
5 Électro-dragon
59%
4 Gel
59%
4 Mamie sorcière
59%
2 Chauves-souris
58%
3 Pierre tombale
57%
6 Arc-x
56%
2 Berserker
56%
6 Cabane de barbares
56%
4 Cabane de gobelins
56%
5 Cimetière
56%
3 Fantôme royal
56%
5 Horde de gargouilles
56%
2 Malédiction gobeline
56%
3 Petit prince
56%
2 Sapeurs
56%
4 Tour à bombes
56%
6 Barbares d’élite
55%
3 Gobelin à sarbacane
55%
6 Gobelin géant
55%
6 Squelette géant
55%
3 Artificière
54%
TroupeDe tour Duchesse aux dagues
54%
4 Maître mineur
54%
4 Poison
54%
7 Recrues royales
54%
3 Ronces
54%
4 Archer magique
53%
3 Clonage
53%
3 Colis royal
53%
2 Mega boule de neige
53%
5 Moine
53%
4 Mortier
53%
6 Cheffe des voleuses
52%
4 Cage gobeline
50%
3 Séisme
49%
5 Cavabélière
48%
3 Mega gargouille
48%
3 Tornade
48%
3 Néant
47%
4 Bélier de combat
46%
4 Dragons squelettes
46%
3 Gardes
46%
3 Pêcheur
46%
5 Bourreau
45%
TroupeDe tour Cuistot royal
45%
6 Extracteur d’élixir
45%
4 Fournaise
45%
4 Géante runique
45%
2 Buisson suspicieux
44%
4 Guérisseuse armée
44%
4 Chasseur
43%
4 Électrocuteurs
43%
5 Machine gobeline
43%
4 Machine volante
43%
TroupeDe tour Princesse de la tour
43%
4 Foreuse gobeline
41%
5 Bouliste
40%
3 Golem élixir
40%
5 Charrette à canon
38%
5 Gobelinstein
37%
5 Fripons
36%
6 Impératrice spirituelle
36%
4 Phénix
36%
4 Gobelin explosif
35%
3 Impératrice spirituelle (sol)
5%
Aucun quiz correspondant
Distribution des résultats
% des personnes avec chaque résultat
Percentile par nombre de réponses
Votre historique - résultats
Vous n’avez pas pris ce quiz depuis la dernière actualisation